000 00409nam a2200145Ia 4500
008 100415s9999 xx 000 0 und d
082 _b44
_a599(70)
100 _aNelson EW
245 _aWild animals of North America
260 _aWASHINGTON D.C.
_c1918
_bNATIONAL GEOGRAPHIC SOCIETY
365 _b0
630 _aWild animals of North America
730 _aWild animals of North America
942 _cBOOK
999 _c583135
_d583132